000
00258nam a2200109Ia 4500
008
230907s9999||||xx |||||||||||||| ||und||
082
_a
624.17
_b
HIB
245
0
_a
Structural analysis /
260
_a
Pearson,
_b
Noida :
_c
2019
300
_a
691 p.
942
_c
BK
999
_c
600381
_d
600381